000 00552nam a2200205Ia 4500
003 GCL
008 140319s9999 xx 000 0 ara d
040 _aGCL /
_cGCL
082 0 4 _a111.85
_bل ف
100 1 _aمحمد عنانى
245 1 0 _aمن علم الجمال /
_cمحمد عنانى
700 1 _aلوفافر، هنرى
260 _a[S.N] :
_bدار الحداثة للطباعة والنشر
300 _a141 ص
490 _a
650 0 4 _aالجمال
650 0 4 _aالمعرفة
650 0 4 _aالمنطق
942 _2ddc
_cBK
999 _c35876
_d35876